| 000 | 00516nam a2200157 a 4500 | ||
|---|---|---|---|
| 001 | 000036496 | ||
| 005 | 20200930075750.0 | ||
| 008 | 120118s19uu ag 000 0 spa d | ||
| 040 |
_aDO-SdBNP _bspa _cBNPHU |
||
| 100 | 1 |
_aReno, Cora A. _962738 |
|
| 245 | 1 | 0 |
_aEs un hecho la evolución? / _cCora A. Reno ; versión castellana por Ana María Swenson. |
| 260 |
_aArgentina : _bCasa Bautista de Publicaciones, _c[199?]. |
||
| 300 |
_a128 p. ; _c19 cm. |
||
| 500 | _aIncluye índice | ||
| 700 | 1 | 2 |
_aSwenson, Ana María _943676 |
| 999 |
_c35987 _d35987 |
||